<?xml version="1.0" encoding="UTF-8"?>
<record
    xmlns:xsi="http://www.w3.org/2001/XMLSchema-instance"
    xsi:schemaLocation="http://www.loc.gov/MARC21/slim http://www.loc.gov/standards/marcxml/schema/MARC21slim.xsd"
    xmlns="http://www.loc.gov/MARC21/slim">

  <leader>00617nam a22001697a 4500</leader>
  <controlfield tag="003">NUST</controlfield>
  <datafield tag="038" ind1=" " ind2=" ">
    <subfield code="a">Nusrat Nadeem</subfield>
  </datafield>
  <datafield tag="082" ind1=" " ind2=" ">
    <subfield code="a">200</subfield>
  </datafield>
  <datafield tag="100" ind1=" " ind2=" ">
    <subfield code="a">Mushtaq, Savera</subfield>
    <subfield code="9">120288</subfield>
  </datafield>
  <datafield tag="245" ind1=" " ind2=" ">
    <subfield code="a">NeuralGrip: Enhanced Motor Imagery Training and Testing for Assistive Robots Using Deep Learning and Advanced Data Augmentation Techniques/</subfield>
    <subfield code="c">Savera Mushtaq, </subfield>
  </datafield>
  <datafield tag="264" ind1=" " ind2=" ">
    <subfield code="a">Islamabad,</subfield>
    <subfield code="c">2023.</subfield>
    <subfield code="b">SEECS NUST</subfield>
  </datafield>
  <datafield tag="300" ind1=" " ind2=" ">
    <subfield code="a">ill,</subfield>
    <subfield code="b">110,p:</subfield>
    <subfield code="c">30,cm.</subfield>
  </datafield>
  <datafield tag="650" ind1=" " ind2=" ">
    <subfield code="a">MS-Electrical Engineering </subfield>
    <subfield code="9">23567</subfield>
  </datafield>
  <datafield tag="700" ind1=" " ind2=" ">
    <subfield code="a">Supervisor: Dr. Wajid Mumtaz</subfield>
    <subfield code="9">97230</subfield>
  </datafield>
  <datafield tag="856" ind1=" " ind2=" ">
    <subfield code="u"> http://10.250.8.41:8080/xmlui/handle/123456789/38578</subfield>
  </datafield>
  <datafield tag="942" ind1=" " ind2=" ">
    <subfield code="2">ddc</subfield>
    <subfield code="c">SC</subfield>
  </datafield>
  <datafield tag="999" ind1=" " ind2=" ">
    <subfield code="c">607650</subfield>
    <subfield code="d">607650</subfield>
  </datafield>
  <datafield tag="952" ind1=" " ind2=" ">
    <subfield code="0">0</subfield>
    <subfield code="1">0</subfield>
    <subfield code="4">0</subfield>
    <subfield code="7">0</subfield>
    <subfield code="a">CL</subfield>
    <subfield code="b">CL</subfield>
    <subfield code="c">THE</subfield>
    <subfield code="d">2024-02-12</subfield>
    <subfield code="o">200</subfield>
    <subfield code="p">CL-T-6940</subfield>
    <subfield code="y">SC</subfield>
  </datafield>
</record>
